[Event "29th Czech Open-Rapid 2018"]
[Site "Pardubice"]
[Date "2018.07.19"]
[Round "8"]
[White "Balint, Vilmos"]
[Black "Priyanka, Nutakki"]
[Result "1/2-1/2"]
[WhiteElo "2226"]
[BlackElo "1839"]
[Annotator "TA"]
[PlyCount "148"]
[EventDate "2018.07.18"]
[EventType "swiss"]
[EventCountry "CZE"]
[SourceTitle "playchess.com"]
[Source "ChessBase"]
[SourceQuality "1"]

1. e4 e6 2. d4 d5 3. Nc3 Bb4 4. exd5 exd5 5. Bd3 Nf6 6. Nge2 O-O 7. O-O c6 8. Ng3 Nbd7 9. Bg5 h6 10. Bd2 Re8 11. Nf5 Nf8 12. Qf3 Bxc3 13. Bxc3 Ne4 14. Rfe1 Qg5 15. Ne3 Ng6 16. Bxe4 Rxe4 17. Qg3 Qe7 18. Nf1 Bf5 19. f3 Re2 20. Bb4 Qe6 21. Qc7 Nh4 22. Qg3 Ng6 23. Qc7 Nh4 24. Qg3 Ng6 25. h4 a5 26. Bc3 h5 27. Rxe2 Qxe2 28. Re1 Qxc2 29. Ne3 Qd3 30. Qg5 Bd7 31. Kf2 Re8 32. Qxh5 Nf4 33. Qg5 Ne6 34. Qf5 Qxf5 35. Nxf5 g6 36. Nd6 Rb8 37. Bxa5 Ra8 38. Bb4 Nxd4 39. Re7 Be6 40. Rxb7 Nf5 41. Nxf5 Bxf5 42. a3 Bd3 43. Rc7 Bb5 44. g4 Re8 45. Be7 Ba4 46. Bf6 Bb5 47. Kg3 Ba4 48. Kf4 Bb5 49. b3 Rb8 50. a4 Bd3 51. Rxc6 Be2 52. Rd6 Bd1 53. Rxd5 Bxb3 54. Rd4 Rc8 55. Kg5 Ra8 56. Kh6 Bxa4 57. f4 Bc2 58. f5 gxf5 59. g5 Re8 60. h5 f4 61. Rxf4 Re4 62. Rf2 Ba4 63. Rb2 Be8 64. Rg2 Re6 65. Rf2 Re1 66. Ra2 Re6 67. Ra7 Re1 68. Ra8 Re6 69. Rb8 Re1 70. Rb7 Re6 71. Rc7 Re1 72. g6 fxg6 73. hxg6 Rh1+ 74. Kg5 Rg1+ 1/2-1/2

[Event "29th Czech Open-Rapid 2018"]
[Site "Pardubice"]
[Date "2018.07.19"]
[Round "8"]
[White "Fiala, Milan"]
[Black "Skoloud, Barnabas"]
[Result "0-1"]
[WhiteElo "1885"]
[BlackElo "1637"]
[Annotator "NA"]
[PlyCount "56"]
[EventDate "2018.07.18"]
[EventType "swiss"]
[EventCountry "CZE"]
[SourceTitle "playchess.com"]
[Source "ChessBase"]
[SourceQuality "1"]

1. d4 f5 2. c4 Nf6 3. Nc3 e6 4. Nf3 Be7 5. g3 O-O 6. Bg2 d6 7. O-O Ne4 8. Qc2 Nxc3 9. Qxc3 Bf6 10. Qb3 e5 11. dxe5 dxe5 12. Rd1 Qe8 13. Be3 Nc6 14. Bc5 Rf7 15. Nd2 e4 16. Nf1 Qe5 17. Ba3 Nd4 18. Rxd4 Qxd4 19. c5 Qe5 20. Rd1 Rb8 21. Ne3 Be6 22. Qa4 c6 23. Qxa7 f4 24. Rd6 Rbf8 25. gxf4 Qxf4 26. Rxe6 Bd4 27. Nd1 Bxf2+ 28. Kh1 Qd2 0-1

[Event "29th Czech Open-Rapid 2018"]
[Site "Pardubice"]
[Date "2018.07.19"]
[Round "9"]
[White "Zakhartsov, Viacheslav V"]
[Black "Chekletsov, Ilya"]
[Result "1-0"]
[WhiteElo "2475"]
[BlackElo "2273"]
[Annotator "ChessBase"]
[PlyCount "75"]
[EventDate "2018.07.18"]
[EventType "swiss"]
[EventCountry "CZE"]
[SourceTitle "playchess.com"]
[Source "ChessBase"]
[SourceQuality "1"]

1. d4 Nf6 2. c4 e6 3. Nc3 Bb4 4. e3 O-O 5. Nge2 Re8 6. a3 Bf8 7. Ng3 d6 8. Be2 g6 9. O-O Bg7 10. e4 Nbd7 11. Bg5 h6 12. Be3 e5 13. d5 a5 14. b4 b6 15. Qd2 Kh7 16. f3 Rf8 17. Bd3 Qe7 18. Qc2 Bb7 19. Na4 axb4 20. axb4 Rfb8 21. Rfc1 Bf8 22. Nc3 Qd8 23. Nb5 Ne8 24. Ne2 Rxa1 25. Rxa1 Ra8 26. Qb2 Be7 27. Na7 Ng7 28. Nc3 f5 29. Kh1 f4 30. Bg1 g5 31. Ra3 Qb8 32. Qa1 Nf6 33. Nc6 Bxc6 34. dxc6 Rxa3 35. Qxa3 Ne6 36. Nd5 Bd8 37. Qa6 Nd4 38. Bxd4 1-0

[Event "29th Czech Open-Rapid 2018"]
[Site "Pardubice"]
[Date "2018.07.19"]
[Round "9"]
[White "Rasik, Vitezslav"]
[Black "Mirzoev, Emil"]
[Result "0-1"]
[WhiteElo "2410"]
[BlackElo "2480"]
[Annotator "TA"]
[PlyCount "100"]
[EventDate "2018.07.18"]
[EventType "swiss"]
[EventCountry "CZE"]
[SourceTitle "playchess.com"]
[Source "ChessBase"]
[SourceQuality "1"]

1. e4 c5 2. Nf3 e6 3. g3 b6 4. Bg2 Bb7 5. Qe2 d6 6. O-O Nf6 7. d3 Be7 8. Nbd2 O-O 9. c3 Nc6 10. a3 a5 11. Re1 a4 12. d4 cxd4 13. cxd4 d5 14. e5 Nd7 15. Nf1 Na5 16. Rb1 Nb8 17. h4 Ba6 18. Qd1 Nb3 19. Be3 Nc6 20. N1h2 Nca5 21. Ng4 Qc7 22. h5 h6 23. Nfh2 Kh8 24. Qf3 Qc2 25. Bf1 Qf5 26. Bxa6 Qxf3 27. Nxf3 Rxa6 28. Ngh2 Rc8 29. Nf1 b5 30. N1d2 Rc2 31. Nxb3 axb3 32. Red1 b4 33. axb4 Bxb4 34. Rd3 Kg8 35. Bd2 Rb6 36. Bxb4 Rxb4 37. Nd2 Kf8 38. Ra1 Rb5 39. Nb1 Nc4 40. Ra8+ Ke7 41. Ra7+ Ke8 42. Ra8+ Kd7 43. Ra7+ Kc6 44. Nc3 Ra5 45. Rxf7 Nxb2 46. Rdf3 Nc4 47. Re7 b2 48. Rxe6+ Kd7 49. Rg6 Rxc3 50. Rxg7+ Kc6 0-1

[Event "29th Czech Open-Rapid 2018"]
[Site "Pardubice"]
[Date "2018.07.19"]
[Round "9"]
[White "Sadhwani, Raunak"]
[Black "Matviishen, Viktor"]
[Result "1-0"]
[WhiteElo "2322"]
[BlackElo "2425"]
[Annotator "TA"]
[PlyCount "108"]
[EventDate "2018.07.18"]
[EventType "swiss"]
[EventCountry "CZE"]
[SourceTitle "playchess.com"]
[Source "ChessBase"]
[SourceQuality "1"]

1. e4 e5 2. Nf3 Nc6 3. Bb5 a6 4. Ba4 Nf6 5. O-O b5 6. Bb3 Be7 7. Re1 d6 8. c3 O-O 9. h3 Na5 10. Bc2 c5 11. d4 Nd7 12. Nbd2 exd4 13. cxd4 Re8 14. Nf1 Bf6 15. Ng3 cxd4 16. Nxd4 g6 17. b3 Bb7 18. Bb2 Qb6 19. Qd2 Rac8 20. Rad1 Nc6 21. Bb1 Nce5 22. Nde2 Nc5 23. Bd4 Qc7 24. Qb2 Ne6 25. Qd2 Nxd4 26. Nxd4 Qb6 27. Kh2 Nd7 28. f4 Bg7 29. Re2 Nc5 30. Nf3 Rcd8 31. Qe1 b4 32. Qf2 Qc7 33. Kh1 a5 34. Nd4 a4 35. Re3 axb3 36. axb3 Qb6 37. Re2 Ra8 38. f5 Be5 39. Nf3 Bxg3 40. Qxg3 Nxe4 41. Bxe4 Bxe4 42. f6 d5 43. Qf4 Bxf3 44. Rxe8+ Rxe8 45. Qxf3 d4 46. Qf4 Rd8 47. Rf1 Qd6 48. Qh6 Qf8 49. Qd2 h6 50. h4 Rd5 51. Rc1 Kh7 52. Rc7 h5 53. Qd3 Qe8 54. Re7 Qf8 1-0

[Event "29th Czech Open-Rapid 2018"]
[Site "Pardubice"]
[Date "2018.07.19"]
[Round "9"]
[White "Mosesov, Danylo"]
[Black "Frolov, Artur"]
[Result "0-1"]
[WhiteElo "2150"]
[BlackElo "2327"]
[Annotator "TA"]
[PlyCount "74"]
[EventDate "2018.07.18"]
[EventType "swiss"]
[EventCountry "CZE"]
[SourceTitle "playchess.com"]
[Source "ChessBase"]
[SourceQuality "1"]

1. d4 Nf6 2. Nf3 g6 3. g3 Bg7 4. Bg2 d5 5. O-O c6 6. Nbd2 O-O 7. c4 a5 8. cxd5 cxd5 9. Nb3 b6 10. Bf4 Nc6 11. Ne5 Bb7 12. Nc1 Nh5 13. Nxc6 Bxc6 14. Be3 Nf6 15. h3 Rc8 16. Nd3 Nd7 17. Qd2 e6 18. Bh6 Bxh6 19. Qxh6 Bb5 20. Nf4 Qf6 21. Rfd1 g5 22. Qxf6 Nxf6 23. Nd3 Rc2 24. Bf3 Rfc8 25. Rab1 Ne4 26. Ne1 Rd2 27. Bxe4 Rxd1 28. Rxd1 dxe4 29. Rd2 Rc1 30. Kf1 Kg7 31. d5 e5 32. d6 Bd7 33. g4 h5 34. f3 hxg4 35. hxg4 Kf6 36. Kf2 Ke6 37. Nd3 Rc6 0-1

[Event "29th Czech Open-Rapid 2018"]
[Site "Pardubice"]
[Date "2018.07.19"]
[Round "9"]
[White "Roessler, Ulrike"]
[Black "Tarun, V Kanth"]
[Result "*"]
[WhiteElo "2137"]
[BlackElo "1771"]
[Annotator "NA RC"]
[PlyCount "102"]
[EventDate "2018.07.18"]
[EventType "swiss"]
[EventCountry "CZE"]
[SourceTitle "playchess.com"]
[Source "ChessBase"]
[SourceQuality "1"]

1. e4 e6 2. d4 d5 3. Nc3 Bb4 4. e5 c5 5. a3 Bxc3+ 6. bxc3 Qc7 7. Qg4 f5 8. Qg3 cxd4 9. cxd4 Ne7 10. Bd2 O-O 11. Bd3 b6 12. Ne2 Ba6 13. Nf4 Qd7 14. Bb4 Rf7 15. O-O Bxd3 16. Qxd3 Nbc6 17. Bc3 Rc8 18. Rac1 Nd8 19. Bb4 Rc4 20. Rfd1 Ndc6 21. Qe3 Nxb4 22. axb4 Rxb4 23. c4 Rf8 24. cxd5 Nxd5 25. Nxd5 Qxd5 26. Rc7 f4 27. Qd2 a5 28. h3 Qd8 29. Qc3 Qd5 30. Rc6 Rb3 31. Qc1 f3 32. g3 Rb1 33. Qxb1 Qxc6 34. Rc1 Qb7 35. Qb3 Kf7 36. Rc3 Re8 37. Rxf3+ Kg8 38. Rc3 Qe4 39. Qa4 Rf8 40. Rc2 b5 41. Qb3 Kh8 42. Ra2 b4 43. Qxe6 Qb1+ 44. Kh2 b3 45. Re2 Qd3 46. Qg4 Qf3 47. Qxf3 Rxf3 48. e6 Rf8 49. e7 Re8 50. d5 Kg8 51. d6 b2 *

[Event "29th Czech Open-Rapid 2018"]
[Site "Pardubice"]
[Date "2018.07.19"]
[Round "9"]
[White "Tsvetkov, Andrey"]
[Black "Becker, Dirk"]
[Result "1/2-1/2"]
[WhiteElo "2124"]
[BlackElo "2288"]
[Annotator "NA"]
[PlyCount "110"]
[EventDate "2018.07.18"]
[EventType "swiss"]
[EventCountry "CZE"]
[SourceTitle "playchess.com"]
[Source "ChessBase"]
[SourceQuality "1"]

1. d4 Nf6 2. c4 e6 3. Nc3 Bb4 4. e3 O-O 5. Bd3 d5 6. cxd5 exd5 7. Nge2 c6 8. O-O Re8 9. Bd2 Nbd7 10. Rc1 Bd6 11. Ng3 Nf8 12. Qc2 Bd7 13. Nf5 Bb8 14. b4 a6 15. a4 g6 16. Ng3 Bd6 17. b5 cxb5 18. axb5 a5 19. e4 dxe4 20. Ngxe4 Nxe4 21. Nxe4 Be7 22. d5 Bf5 23. d6 Bxe4 24. Bxe4 Bxd6 25. Bxb7 Rb8 26. Bc6 Re2 27. Rcd1 Bb4 28. Bxb4 Rxc2 29. Rxd8 Rxd8 30. Bxa5 Rc8 31. Rd1 Ne6 32. g3 h5 33. h4 Rc5 34. Bb6 Rc2 35. Ba5 Rc5 36. Bb6 R8xc6 37. bxc6 Rxc6 38. Be3 Kg7 39. Kg2 Kf6 40. Rb1 Ra6 41. Rb6 Rxb6 42. Bxb6 Kf5 43. f3 Ke5 44. Kf2 f5 45. Ba7 Nf8 46. Ke3 Ne6 47. Bb8+ Kf6 48. Bd6 g5 49. hxg5+ Kxg5 50. Be7+ Kg6 51. Kf2 Kf7 52. Bb4 Kg6 53. Be7 Kf7 54. Bb4 Kg6 55. Be7 Kf7 1/2-1/2

[Event "29th Czech Open-Rapid 2018"]
[Site "Pardubice"]
[Date "2018.07.19"]
[Round "9"]
[White "Pacl, Vaclav"]
[Black "Salykin, Aleksandr"]
[Result "1-0"]
[WhiteElo "2077"]
[BlackElo "1745"]
[Annotator "NA"]
[PlyCount "71"]
[EventDate "2018.07.18"]
[EventType "swiss"]
[EventCountry "CZE"]
[SourceTitle "playchess.com"]
[Source "ChessBase"]
[SourceQuality "1"]

1. d4 d5 2. Bg5 c6 3. Nf3 Qb6 4. Qc1 Bg4 5. Nbd2 e6 6. e3 c5 7. c3 Nc6 8. Bd3 Be7 9. Bf4 Bh5 10. O-O Nf6 11. Ne5 O-O 12. Bg5 Qc7 13. f4 cxd4 14. exd4 Bg6 15. Bxg6 hxg6 16. Qe1 Nh7 17. Bxe7 Nxe7 18. Rf3 Qd8 19. Rh3 g5 20. Qe2 g6 21. Rf1 Kg7 22. g4 Nc6 23. f5 exf5 24. gxf5 Nf6 25. fxg6 fxg6 26. Ng4 Nxg4 27. Qxg4 Rxf1+ 28. Nxf1 Qe7 29. Rg3 Rf8 30. Qxg5 Qf7 31. Ne3 Qf2+ 32. Kh1 Rf6 33. Rg2 Qe1+ 34. Rg1 Qf2 35. Nd1 Qf3+ 36. Qg2 1-0

[Event "29th Czech Open-Rapid 2018"]
[Site "Pardubice"]
[Date "2018.07.19"]
[Round "9"]
[White "Brejnik, Gustav"]
[Black "Pavlicek, Lukas"]
[Result "1-0"]
[WhiteElo "1951"]
[BlackElo "1819"]
[Annotator "NA"]
[PlyCount "84"]
[EventDate "2018.07.18"]
[EventType "swiss"]
[EventCountry "CZE"]
[SourceTitle "playchess.com"]
[Source "ChessBase"]
[SourceQuality "1"]

1. d4 Nf6 2. c4 g6 3. g3 Bg7 4. Bg2 d6 5. Nc3 O-O 6. Nf3 Nbd7 7. O-O e5 8. e4 c6 9. h3 Re8 10. Qc2 Qe7 11. Be3 exd4 12. Nxd4 Nc5 13. Bg5 h6 14. Bxf6 Qxf6 15. Rad1 Be6 16. b3 Rad8 17. Kh2 Qe7 18. f4 f5 19. Rfe1 fxe4 20. Nxe6 Bxc3 21. Qxc3 Qxe6 22. b4 Na4 23. Qb3 Nb6 24. Rxe4 Qf7 25. Rxe8+ Rxe8 26. Rxd6 Nxc4 27. Rd4 Ne3 28. Qxf7+ Kxf7 29. Rd7+ Re7 30. Rxe7+ Kxe7 31. Be4 Kf6 32. g4 Nd5 33. Bxd5 cxd5 34. Kg3 Ke6 35. Kf3 a6 36. Ke3 b6 37. Kd4 Kd6 38. f5 gxf5 39. gxf5 h5 40. h4 a5 41. bxa5 bxa5 42. a4 Kc6 1-0

[Event "29th Czech Open-Rapid 2018"]
[Site "Pardubice"]
[Date "2018.07.19"]
[Round "9"]
[White "Priyanka, Nutakki"]
[Black "Buchcar, Tomas"]
[Result "1-0"]
[WhiteElo "1839"]
[BlackElo "2174"]
[Annotator "NA RC"]
[PlyCount "126"]
[EventDate "2018.07.18"]
[EventType "swiss"]
[EventCountry "CZE"]
[SourceTitle "playchess.com"]
[Source "ChessBase"]
[SourceQuality "1"]

1. e4 c5 2. Nf3 e6 3. d4 cxd4 4. Nxd4 a6 5. Bd3 Nc6 6. Nxc6 bxc6 7. O-O d5 8. Nd2 Nf6 9. Qe2 Be7 10. c4 Bb7 11. b3 O-O 12. Bb2 Re8 13. Rad1 Qa5 14. a3 Rad8 15. b4 Qc7 16. e5 Nd7 17. cxd5 cxd5 18. Rc1 Qb8 19. f4 g6 20. Nb3 Nb6 21. Na5 Nc4 22. Bxc4 dxc4 23. Nxb7 Qxb7 24. Rxc4 Rd5 25. Rd4 Qa7 26. Qf2 Red8 27. Rxd5 Qxf2+ 28. Kxf2 Rxd5 29. Ke2 a5 30. Bc3 axb4 31. axb4 Kf8 32. Ra1 Bd8 33. Rd1 Rxd1 34. Kxd1 Bb6 35. Ke2 Ke7 36. Kd3 Kd7 37. Bd4 Bd8 38. Kc4 Kc6 39. b5+ Kb7 40. Kd3 Ba5 41. Ke4 h5 42. Bc5 Bd2 43. h3 Ba5 44. Kf3 Bd2 45. g4 hxg4+ 46. Kxg4 Kc7 47. Kf3 Kb7 48. Bd4 Kc7 49. Bf2 Kb7 50. Be3 Bb4 51. Kg4 Be7 52. h4 Kc7 53. h5 gxh5+ 54. Kxh5 Kd7 55. Kh6 f6 56. Kg6 fxe5 57. fxe5 Bd8 58. Kf7 Bc7 59. Bd4 Bb8 60. b6 Bxe5 61. Bxe5 Kc6 62. Bd4 e5 63. Be3 Kd5 1-0

[Event "29th Czech Open-Rapid 2018"]
[Site "Pardubice"]
[Date "2018.07.19"]
[Round "9"]
[White "Kusa, Jakub"]
[Black "Vykydal, Frantisek"]
[Result "0-1"]
[WhiteElo "1781"]
[BlackElo "2045"]
[Annotator "NA RC"]
[PlyCount "76"]
[EventDate "2018.07.18"]
[EventType "swiss"]
[EventCountry "CZE"]
[SourceTitle "playchess.com"]
[Source "ChessBase"]
[SourceQuality "1"]

1. e4 Nf6 2. e5 Nd5 3. d4 d6 4. Nf3 Bg4 5. Be2 Bxf3 6. Bxf3 c6 7. O-O dxe5 8. dxe5 e6 9. c4 Ne7 10. Qxd8+ Kxd8 11. Bg5 Nd7 12. Rd1 Kc7 13. Nc3 Nxe5 14. Bf4 N7g6 15. Bg3 Bd6 16. Be2 Rad8 17. Ne4 f5 18. Ng5 Rhe8 19. c5 Bxc5 20. Nf7 Rxd1+ 21. Rxd1 f4 22. Nxe5 fxg3 23. Rd7+ Kc8 24. Nxg6 gxf2+ 25. Kf1 Kxd7 26. Ne5+ Kc7 27. Nd3 Be3 28. Nxf2 Bxf2 29. Kxf2 Kd6 30. Ke3 Ke5 31. Bd3 h6 32. Bg6 Rd8 33. Bc2 b5 34. a3 a5 35. g4 g5 36. h3 Rd4 37. Bg6 b4 38. axb4 Rxb4 0-1

[Event "29th Czech Open-Rapid 2018"]
[Site "Pardubice"]
[Date "2018.07.19"]
[Round "9"]
[White "Tomek, Karel"]
[Black "Natarov, Ilya"]
[Result "*"]
[WhiteElo "1774"]
[BlackElo "1808"]
[Annotator "NA RC"]
[PlyCount "72"]
[EventDate "2018.07.18"]
[EventType "swiss"]
[EventCountry "CZE"]
[SourceTitle "playchess.com"]
[Source "ChessBase"]
[SourceQuality "1"]

1. d4 Nf6 2. Nf3 g6 3. e3 Bg7 4. Bd3 d6 5. b3 O-O 6. Bb2 Nc6 7. O-O Nb4 8. Be2 Bf5 9. Bd3 Bd7 10. Be2 Bf5 11. Bd3 Qd7 12. a3 Nxd3 13. cxd3 d5 14. a4 Bg4 15. Nbd2 Qf5 16. Qc2 Rac8 17. Rfe1 Nd7 18. h3 Bxf3 19. Nxf3 c5 20. Qd2 cxd4 21. Bxd4 e5 22. Bb2 Nc5 23. d4 Nxb3 24. Qb4 Nxa1 25. Rxa1 e4 26. Ne1 Qd7 27. Ba3 Rc4 28. Qb3 Rfc8 29. a5 Bf8 30. Bxf8 Kxf8 31. Qa3+ Kg7 32. Kh2 Qc7+ 33. g3 Rc1 34. Rxc1 Qxc1 35. Qb4 Qc3 36. Qb1 Qxa5 *

[Event "29th Czech Open-Rapid 2018"]
[Site "Pardubice"]
[Date "2018.07.19"]
[Round "9"]
[White "Straka, Vojtech"]
[Black "Kutynec, Vladimir"]
[Result "*"]
[WhiteElo "1722"]
[BlackElo "2134"]
[Annotator "NA RC"]
[PlyCount "99"]
[EventDate "2018.07.18"]
[EventType "swiss"]
[EventCountry "CZE"]
[SourceTitle "playchess.com"]
[Source "ChessBase"]
[SourceQuality "1"]

1. d4 d5 2. c4 Bf5 3. Nc3 e6 4. cxd5 exd5 5. Qb3 Nc6 6. Nf3 Nf6 7. Bg5 Na5 8. Qa4+ c6 9. g3 Qb6 10. Bg2 Qxb2 11. O-O Qxc3 12. Bd2 Qa3 13. Qxa5 Qxa5 14. Bxa5 h6 15. Rfe1 Bd6 16. Nd2 O-O 17. e4 dxe4 18. Nxe4 Nxe4 19. Bxe4 Bxe4 20. Rxe4 Rfe8 21. Rae1 Rxe4 22. Rxe4 Kf8 23. d5 Re8 24. Rd4 c5 25. Rd2 Re4 26. Kg2 b6 27. Bc3 Rc4 28. Bb2 b5 29. f4 Ra4 30. Be5 Bxe5 31. fxe5 Re4 32. d6 Ke8 33. Rd5 Rc4 34. d7+ Kd8 35. Kf3 a5 36. Ke3 a4 37. Kd3 a3 38. Rd6 Rc1 39. Rb6 b4 40. Rb7 Rd1+ 41. Kc4 Rxd7 42. Rb8+ Ke7 43. Kxc5 Rd2 44. h4 Rxa2 45. Rxb4 Ke6 46. Kd4 Rd2+ 47. Ke4 Re2+ 48. Kf3 Rb2 49. Ra4 a2 50. Ke4 *

[Event "29th Czech Open-Rapid 2018"]
[Site "Pardubice"]
[Date "2018.07.19"]
[Round "9"]
[White "Skoloud, Barnabas"]
[Black "Fedotov, Konstantin"]
[Result "0-1"]
[WhiteElo "1637"]
[BlackElo "2123"]
[Annotator "NA"]
[PlyCount "68"]
[EventDate "2018.07.18"]
[EventType "swiss"]
[EventCountry "CZE"]
[SourceTitle "playchess.com"]
[Source "ChessBase"]
[SourceQuality "1"]

1. e4 c6 2. Bc4 d5 3. Bb3 Nf6 4. e5 Nfd7 5. d4 e6 6. Qg4 c5 7. c3 Nc6 8. Ne2 Qb6 9. O-O h5 10. Qh4 Be7 11. Qg3 g6 12. Rd1 Qb5 13. Kf1 b6 14. Bc2 Ba6 15. Bd3 Qa4 16. b3 Qa5 17. c4 dxc4 18. Bd2 cxd3 19. Bxa5 dxe2+ 20. Ke1 exd1=Q+ 21. Kxd1 Nxa5 22. dxc5 Bxc5 23. Nd2 Bd4 24. Rc1 Bxe5 25. Qf3 O-O 26. Ne4 Bb7 27. Qe3 Rad8 28. Ke1 Nc6 29. Qh6 Bg7 30. Qf4 Nde5 31. Kf1 Ba6+ 32. Kg1 Nd3 33. Qc7 Nxc1 34. h3 Rd1+ 0-1